000 00532nam a2200169Ia 4500
008 090711s9999 xx 000 0 und d
082 _b54881
100 _aSाौगुले शंकरराव
245 _aकुंकवाSाी राखण
260 _c1984
300 _a73
600 _aSाौगुले शंकरराव
630 _aकुंकवाSाी राखण
700 _aSाौगुले शंकरराव
730 _aकुंकवाSाी राखण
942 _cBOOK
999 _c310001
_d310001